000 01106cam a2200325 i 4500
001 142547
003 ARRUPE
005 20140402144444.0
008 830302s1981 rh a 000 0aeng d
020 _a0869202235
035 _a(OCoLC)9037844
035 _a(OCoLC)ocm09037844
035 _a(CStRLIN)NYCG83-B16178
035 _a(NNC)142547
040 _aCSt-H
_cCSt-H
_dNNC
043 _af-rh---
090 _aPR9390.9.B67
_bZ475 1981
100 1 _aBrettell, N. H.
_99727
245 1 0 _aSide-gate and stile :
_ban essay in autobiography /
_cby N.H. Brettell ; with a forward by D.E. Borrell and a selection of verse by the author.
260 _aBulawayo :
_bBooks of Zimbabwe,
_c1981.
300 _axxii, 238 p., [8] leaves of plates :
_bill. ;
_c23 cm.
490 1 _aMen of our time ;
_vv. 6
600 1 0 _aBrettell, N. H.
_vBiography.
_99728
650 0 _aPoets, Zimbabwean
_vBiography.
_99729
650 0 _aEnglish teachers
_zZimbabwe
_vBiography.
_99730
650 0 _aZimbabwean poetry (English)
_99731
830 0 _aMen of our time ;
_vv. 6.
_99732
942 _2lcc
_cREFERENCE
999 _c120367
_d120367